000 00850nam a2200205Ia 4500
008 0000001984 sp a 0000000000spa00
090 _aPSP00 M33m
100 1 _aMignoni, Fernando
_d1929
245 1 3 _aMignoni
_b: El arte como aventura
_c/ fotografías Juan Dolcet
300 _a[48] p.
_c/ 28 cm.
500 _aExposición realizada en el Museo Español de Arte Contemporáneo, Madrid, FebreroMarzo, 1984 \ Con el patronazgo del maestro venezolano Jesús Rafael Soto (q.e.p.d.)
600 0 0 _aMIGNONI, FERNANDO, 1929/
_xTRABAJOS PICTORICOS
650 1 4 _aARTE CONTEMPORANEO ESPAÑOL
650 1 4 _xCATALOGOS
650 1 4 _xEXPOSICIONES
650 1 4 _aPINTORES ESPAÑOLES
650 1 4 _aPINTURA ESPAÑOLA
700 1 _aDolcet, Juan
999 _c6447
_d6447
260 _aMadrid : Ministerio de Cultura. Dirección General de Bellas Artes y Archivos
_c1984